000 00354nam a22001217a 4500
999 _c4654
_d4654
008 250307b ||||| |||| 00| 0 eng d
020 _a9780746077221
082 _aE FIC COX
100 _aCOX,ROXBEE PHIL
_eAUTHOR
245 _aFOX ON A BOX
260 _aUSBORNE HOUSE,83-85 SAFFRON HILL,LONDON EC1N 8RT,ENGLAND
_bUSBORNE PUBLISHING LTD
_c2006
942 _2ddc